Statistics for Musical Acts by Country #3

Click here to take the quiz!

General Stats

  • This quiz has been taken 180 times
    (94 since last reset)
  • The average score is 9 of 20

Answer Stats

Musician or GroupCountry% Correct
BTSSouth Korea
93%
Yoko OnoJapan
90%
Alanis MorissetteCanada
74%
Lynyrd SkynyrdUnited States
72%
Dire StraitsUnited Kingdom
70%
A-haNorway
68%
EuropeSweden
60%
Frederic ChopinPoland
57%
MåneskinItaly
52%
Nicki MinajTrinidad and Tobago
51%
Franz LisztHungary
40%
Grace JonesJamaica
32%
SadeNigeria
28%
Carmen MirandaBrazil
27%
Miriam MakebaSouth Africa
22%
TarkanTurkey
22%
Jake Zyrus (formerly Charice)Philippines
17%
InnaRomania
17%
Nancy AjramLebanon
11%
Umm KulthumEgypt
10%

Score Distribution

Percentile by Number Answered

Percent of People with Each Score

Your Score History

You have not taken this quiz since the last reset